000 01590nam0a2200373 4500
001 RU\NLR\BIBL_A\022501270
005 20250409142021.0
010 _a978-5-907931-60-2
_93000
021 _aRU
_bКН-П-25-003591
_9КН-П-25-0346
035 _a(NLR Aleph) 022501270
090 _a13387684
_c13387684
100 _a20250325d2025 c y0rusy50 ca
101 0 _arus
102 _aRU
105 _aa z 000yy
181 0 _ai
_baxxe
181 0 _ab1
_bbb2e
182 0 _an
200 1 _aМальчикам и девочкам о том, как устроен наш дом
_eдля детей старше шести лет
_fА. В. Лукьянова
_gхудожник: Е. Ю. Воробьёва
203 _aТекст
_aИзображение
_bвизуальные
_cнепосредственные
210 _aМосква
_cИнтеллект-Центр
_d2025 (печ. 2024)
215 _a96 с.
_cцв. ил.
_d29
225 1 _aТайны и секреты обыденных явлений
320 _aДругие кн. авт. на 4-й с. обл.
333 _a6+
606 1 _aЖилые дома
_jИздания для детейё
_2nlr_sh1
_2nlr_sh2
_3RU\NLR\AUTH\6672653
686 0 _aШ9
_bН1/8
700 1 _aЛукьянова
_bА. В.
_gАнтонина Владимировна
_3RU\NLR\AUTH\7798466
_4070
702 1 _aВоробьева
_bЕ. Ю.
_cиллюстратор
_3RU\NLR\AUTH\770266103
_4040
942 _cBOOK
980 _aNB